[Event "Olimpiada Calviá 2004"]
[Site "Calviá ESP"]
[Date "2004.10.22"]
[Round "7.30"]
[White "Pacheco, Marco"]
[Black "Zilberman, Nathan R"]
[Result "1/2-1/2"]
[WhiteElo "2320"]
[BlackElo "2338"]
[PlyCount "76"]
[EventDate "2004.10.15"]
[EventType "team"]
[EventRounds "14"]
[EventCountry "ESP"]
[Source "lmi"]
[SourceDate "2004.10.27"]

1. d4 g6 2. c4 Bg7 3. Nf3 d6 4. Nc3 Nf6 5. e4 Bg4 6. Be2 Nfd7 7. Be3 Nc6 8. O-O
Bxf3 9. Bxf3 e5 10. dxe5 dxe5 11. Ne2 O-O 12. c5 Qe7 13. Rc1 Rfd8 14. Qb3 Rab8
15. Rfd1 Nf8 16. Rxd8 Qxd8 17. Rd1 Qe7 18. Bg4 h5 19. Bh3 Rd8 20. Rxd8 Nxd8 21.
Qd3 Nfe6 22. b4 Nc6 23. a3 Ncd4 24. Nxd4 exd4 25. Bd2 Ng5 26. Bxg5 Qxg5 27. g3
Qc1+ 28. Bf1 c6 29. Kg2 a5 30. Be2 Qc3 31. Qxc3 dxc3 32. Bd3 axb4 33. axb4 c2
34. Bxc2 Bc3 35. b5 cxb5 36. Bb3 b4 37. Bd5 Bd4 38. Bxb7 Bxc5 1/2-1/2

[Event "Olimpiada Calviá 2004"]
[Site "Calviá ESP"]
[Date "2004.10.22"]
[Round "7.30"]
[White "Ilinsky, Vladimir"]
[Black "Cordova, Emilio"]
[Result "1/2-1/2"]
[WhiteElo "2331"]
[BlackElo "2347"]
[PlyCount "143"]
[EventDate "2004.10.15"]
[EventType "team"]
[EventRounds "14"]
[EventCountry "ESP"]
[Source "lmi"]
[SourceDate "2004.10.27"]

1. Nf3 Nf6 2. c4 e6 3. g3 b6 4. Bg2 Bb7 5. O-O c5 6. b3 Be7 7. Bb2 O-O 8. Nc3
d5 9. e3 Nc6 10. d3 Re8 11. Qe2 Rc8 12. Rfd1 Qc7 13. Rac1 Qb8 14. cxd5 exd5 15.
d4 cxd4 16. exd4 Bd6 17. Qd3 a6 18. Qb1 b5 19. Nh4 Ne7 20. Nf5 Nxf5 21. Qxf5
Qa8 22. Re1 Bc6 23. Rxe8+ Rxe8 24. Qf3 Ne4 25. Nxe4 dxe4 26. Qc3 Bd5 27. Rc2 f5
28. Bc1 b4 29. Qb2 Qb8 30. Be3 h6 31. Qc1 Kh7 32. Bh3 Kg6 33. Bf1 Rf8 34. Bf4
Bxf4 35. Qxf4 Qxf4 36. gxf4 Rf6 37. Rc5 Rd6 38. Bxa6 Rxa6 39. Rxd5 Rxa2 40. Rb5
Rb2 41. Rxb4 Kh5 42. Rb7 g5 43. fxg5 hxg5 44. h3 g4 45. hxg4+ Kxg4 46. Rg7+ Kf4
47. d5 Rd2 48. Kf1 Rxd5 49. Ke2 Ra5 50. Rg3 Ra2+ 51. Kf1 Rb2 52. Rc3 Kg4 53.
Rg3+ Kh4 54. Rg8 Rxb3 55. Kg2 Rb2 56. Rh8+ Kg4 57. Rg8+ Kf4 58. Rg3 Rb1 59. Ra3
Rd1 60. Rb3 Rd3 61. Rb8 Rd7 62. Ra8 Rg7+ 63. Kf1 Kg4 64. Ke2 Kf4 65. Kf1 Rg6
66. Rb8 Kg4 67. Ke2 f4 68. f3+ Kg3 69. fxe4 f3+ 70. Ke3 Kg2 71. Rb2+ Kg3 72.
Rb8 1/2-1/2

[Event "Olimpiada Calviá 2004"]
[Site "Calviá ESP"]
[Date "2004.10.22"]
[Round "7.30"]
[White "Requejo, Oswaldo"]
[Black "Turpanov, Milan"]
[Result "0-1"]
[WhiteElo "2253"]
[BlackElo "2307"]
[PlyCount "56"]
[EventDate "2004.10.15"]
[EventType "team"]
[EventRounds "14"]
[EventCountry "ESP"]
[Source "lmi"]
[SourceDate "2004.10.27"]

1. d4 d5 2. c4 e6 3. Nc3 Nf6 4. cxd5 exd5 5. Bg5 Be7 6. e3 O-O 7. Bd3 Re8 8.
Qc2 h6 9. Bh4 c5 10. Nge2 Nc6 11. a3 cxd4 12. exd4 Ng4 13. Bxe7 Qxe7 14. Nxd5
Qh4 15. g3 Qd8 16. Qc5 Na5 17. Nc7 b6 18. Qc3 Bb7 19. Nxa8 Bxh1 20. Nc7 Re7 21.
Rc1 Nxh2 22. d5 Nf3+ 23. Kf1 Nb3 24. Rc2 Nbd2+ 25. Rxd2 Rxc7 26. Qb4 Qc8 27.
Nf4 Rc1+ 28. Ke2 Re1# 0-1

[Event "Olimpiada Calviá 2004"]
[Site "Calviá ESP"]
[Date "2004.10.22"]
[Round "7.31"]
[White "Abbas, Baha H"]
[Black "Mecking, Henrique"]
[Result "0-1"]
[WhiteElo "2213"]
[BlackElo "2557"]
[PlyCount "90"]
[EventDate "2004.10.15"]
[EventType "team"]
[EventRounds "14"]
[EventCountry "ESP"]
[Source "lmi"]
[SourceDate "2004.10.27"]

1. e4 c5 2. Nf3 d6 3. d4 cxd4 4. Nxd4 Nf6 5. Nc3 a6 6. Be2 e5 7. Nb3 Be7 8. Be3
Be6 9. Qd2 O-O 10. O-O Nbd7 11. Rfd1 Qc7 12. Rac1 Nb6 13. f3 Rfd8 14. Qe1 d5
15. exd5 Nfxd5 16. Nxd5 Nxd5 17. Bd2 Qb6+ 18. Kh1 Nb4 19. Bxb4 Bxb4 20. Qg1
Qxg1+ 21. Kxg1 Rxd1+ 22. Rxd1 Rc8 23. c3 Be7 24. Kf1 g6 25. Bd3 f5 26. Nc1 Bg5
27. a3 Rd8 28. Ke2 Kg7 29. h3 Kf6 30. Rf1 h5 31. a4 h4 32. Rd1 Bf4 33. c4 g5
34. b3 g4 35. Na2 gxh3 36. gxh3 Rg8 37. Kf2 Rg3 38. Rh1 e4 39. Be2 e3+ 40. Kf1
Be5 41. f4 Bxf4 42. Nc3 Be5 43. Nd5+ Bxd5 44. cxd5 f4 45. Rg1 f3 0-1

[Event "Olimpiada Calviá 2004"]
[Site "Calviá ESP"]
[Date "2004.10.22"]
[Round "7.31"]
[White "Lima, Darcy"]
[Black "Albadri, Abd Al Sattar"]
[Result "1-0"]
[WhiteElo "2282"]
[BlackElo "2423"]
[PlyCount "55"]
[EventDate "2004.10.15"]
[EventType "team"]
[EventRounds "14"]
[EventCountry "ESP"]
[Source "lmi"]
[SourceDate "2004.10.27"]

1. e4 e5 2. Nf3 Nf6 3. Nc3 Bb4 4. Nxe5 O-O 5. Be2 Re8 6. Nd3 Bxc3 7. dxc3 Nxe4
8. Nf4 d6 9. O-O Nd7 10. f3 Nef6 11. c4 a5 12. a4 Nc5 13. b3 Qe7 14. Rf2 Qe5
15. Rb1 Bf5 16. Bf1 Qe1 17. Bb2 Qxd1 18. Rxd1 Ncd7 19. g4 Bg6 20. g5 Nh5 21.
Nd5 Rac8 22. Bh3 f5 23. gxf6 Ndxf6 24. Bxf6 Nxf6 25. Bxc8 Nxd5 26. Rxd5 Rxc8
27. Rxa5 Re8 28. Ra7 1-0

[Event "Olimpiada Calviá 2004"]
[Site "Calviá ESP"]
[Date "2004.10.22"]
[Round "7.31"]
[White "Ahmed Abdul Sattar, Wahab"]
[Black "Braga, Cicero"]
[Result "1/2-1/2"]
[WhiteElo "2270"]
[BlackElo "2441"]
[PlyCount "98"]
[EventDate "2004.10.15"]
[EventType "team"]
[EventRounds "14"]
[EventCountry "ESP"]
[Source "lmi"]
[SourceDate "2004.10.27"]

1. e4 c5 2. Nf3 d6 3. d4 cxd4 4. Nxd4 Nf6 5. Nc3 g6 6. f4 Nbd7 7. Nf3 Qc7 8.
Qe2 Bg7 9. Bd2 O-O 10. O-O-O Nb6 11. Be3 Be6 12. Kb1 Rfc8 13. Bd4 Nc4 14. Qe1
Qa5 15. Bd3 Qb4 16. Ne2 Qxe1 17. Rhxe1 Nh5 18. b3 Na5 19. Bxg7 Kxg7 20. h3 Nc6
21. g4 Nf6 22. Ned4 Nxd4 23. Nxd4 Bd7 24. Kb2 e5 25. fxe5 dxe5 26. Nf3 Re8 27.
a4 Bc6 28. Nd2 Rad8 29. Re3 g5 30. Rf1 Ng8 31. Nc4 f6 32. Na5 Ne7 33. Kc3 Ng6
34. Kd2 Nf4 35. Nxc6 bxc6 36. Rf2 h5 37. Kc3 Rd4 38. Be2 h4 39. Bd3 a5 40. Rf1
Kf8 41. Rf2 Ke7 42. Rd2 Red8 43. Rf3 Ne6 44. Rdf2 Rf8 45. Re3 Nc5 46. Rf1 Rb8
47. Rf2 Nxd3 48. cxd3 Rdb4 49. Rb2 Rd4 1/2-1/2

[Event "Olimpiada Calviá 2004"]
[Site "Calviá ESP"]
[Date "2004.10.22"]
[Round "7.31"]
[White "Fier, Alexander Hila"]
[Black "Abdul Adhim, Muneer"]
[Result "1-0"]
[WhiteElo "2365"]
[BlackElo "2202"]
[PlyCount "69"]
[EventDate "2004.10.15"]
[EventType "team"]
[EventRounds "14"]
[EventCountry "ESP"]
[Source "lmi"]
[SourceDate "2004.10.27"]

1. e4 e6 2. Nf3 d5 3. e5 c5 4. b4 cxb4 5. a3 Nc6 6. axb4 Bxb4 7. c3 Bf8 8. d4
Nge7 9. Bd3 Nf5 10. O-O h5 11. Na3 Be7 12. Nb5 a6 13. Bxf5 exf5 14. Nd6+ Kf8
15. Qb3 Kg8 16. Nxb7 Qc7 17. Nd6 Be6 18. Bf4 Kh7 19. Ng5+ Bxg5 20. Bxg5 Rhb8
21. Qd1 g6 22. Ra3 Na5 23. c4 f4 24. cxd5 Bxd5 25. Rh3 f3 26. g4 Qd7 27. Rh4
Qe6 28. gxh5 Rg8 29. hxg6+ Kxg6 30. Rh6+ Kg7 31. Rxe6 fxe6 32. Qd2 Kh7 33. h4
Nb3 34. Qc2+ Kg7 35. Qc7+ 1-0

[Event "Olimpiada Calviá 2004"]
[Site "Calviá ESP"]
[Date "2004.10.22"]
[Round "7.32"]
[White "Bachmann, Axel"]
[Black "Gonzalez, Bernal"]
[Result "1-0"]
[WhiteElo "2282"]
[BlackElo "2423"]
[PlyCount "76"]
[EventDate "2004.10.15"]
[EventType "team"]
[EventRounds "14"]
[EventCountry "ESP"]
[Source "lmi"]
[SourceDate "2004.10.27"]

1. e4 c5 2. Nc3 Nc6 3. g3 g6 4. Bg2 Bg7 5. d3 d6 6. Nge2 Rb8 7. a4 a6 8. Be3
Nd4 9. O-O e6 10. Qd2 b5 11. axb5 axb5 12. Nd1 b4 13. Bxd4 cxd4 14. b3 Ne7 15.
Nb2 O-O 16. f4 Qc7 17. Ra2 Bb7 18. Rfa1 Rfc8 19. Nd1 f5 20. Nf2 h6 21. g4 fxe4
22. Nxe4 Nd5 23. Bh3 Qe7 24. g5 h5 25. Ra7 Rc7 26. R1a2 Bc8 27. Rxc7 Qxc7 28.
Qe1 e5 29. Qh4 Qe7 30. Ra1 Bxh3 31. Qxh3 exf4 32. Ra5 Nc3 33. N2xc3 dxc3 34.
Qf3 Rf8 35. Rd5 Qa7+ 36. Kg2 Qa2 37. Qf2 f3+ 38. Kh3 Qa8 1-0

[Event "Olimpiada Calviá 2004"]
[Site "Calviá ESP"]
[Date "2004.10.22"]
[Round "7.32"]
[White "Ferreira, Oscar"]
[Black "Hernandez Basante, Francisco"]
[Result "1-0"]
[WhiteElo "2284"]
[BlackElo "2283"]
[PlyCount "75"]
[EventDate "2004.10.15"]
[EventType "team"]
[EventRounds "14"]
[EventCountry "ESP"]
[Source "lmi"]
[SourceDate "2004.10.27"]

1. c4 c5 2. Nf3 Nc6 3. g3 g6 4. d4 cxd4 5. Nxd4 Bg7 6. Nc2 Nh6 7. Bg2 Nf5 8.
O-O O-O 9. Nd2 Rb8 10. Rb1 b5 11. cxb5 Rxb5 12. b4 d5 13. a4 Rb8 14. b5 Na5 15.
e4 dxe4 16. Nxe4 Nc4 17. Bf4 e5 18. Qxd8 Rxd8 19. Bg5 Re8 20. Rfd1 Rb6 21. Bf1
Ncd6 22. Nf6+ Bxf6 23. Bxf6 Ne4 24. Bxe5 Rxe5 25. Rd8+ Kg7 26. Rxc8 Rf6 27. f4
Re7 28. Bg2 g5 29. Re1 gxf4 30. Rc6 f3 31. Bxf3 Ng5 32. Rxe7 Nxf3+ 33. Kf2 Nxe7
34. Rxf6 Kxf6 35. Kxf3 Nd5 36. Nd4 Nc3 37. a5 h6 38. b6 1-0

[Event "Olimpiada Calviá 2004"]
[Site "Calviá ESP"]
[Date "2004.10.22"]
[Round "7.33"]
[White "Rohl, Juan"]
[Black "Ker, Anthony F"]
[Result "1/2-1/2"]
[WhiteElo "2401"]
[BlackElo "2328"]
[PlyCount "101"]
[EventDate "2004.10.15"]
[EventType "team"]
[EventRounds "14"]
[EventCountry "ESP"]
[Source "lmi"]
[SourceDate "2004.10.27"]

1. e4 d6 2. d4 Nf6 3. Nc3 g6 4. Bg5 Bg7 5. Qd2 h6 6. Bh4 g5 7. Bg3 Nh5 8. O-O-O
Nc6 9. d5 Nd4 10. Nb1 c6 11. Na3 Bd7 12. Qe3 Nb5 13. Nxb5 cxb5 14. Ne2 Rc8 15.
Kb1 Qc7 16. Rc1 b4 17. h4 Nxg3 18. Nxg3 Qc5 19. Qxc5 Rxc5 20. Be2 e6 21. Nh5
Be5 22. g3 Rg8 23. f4 Bh8 24. hxg5 hxg5 25. dxe6 fxe6 26. Bd3 Ke7 27. Rcf1 Be8
28. f5 exf5 29. exf5 Bxh5 30. Rxh5 Bf6 31. Rh7+ Rg7 32. Rh8 g4 33. Rb8 Rc7 34.
Be4 b6 35. Bd5 Rh7 36. Rg8 Rc5 37. Be4 Rg7 38. Ra8 Rc7 39. Bd3 Kf7 40. Be4 Ke7
41. Bd5 Rh7 42. Bb3 Rh2 43. Rg8 Rc5 44. a4 bxa3 45. bxa3 Rxf5 46. Re1+ Re5 47.
Rf1 Rhe2 48. Ka2 Re1 49. Rxe1 Rxe1 50. Bc4 Ra1+ 51. Kb3 1/2-1/2

[Event "Olimpiada Calviá 2004"]
[Site "Calviá ESP"]
[Date "2004.10.22"]
[Round "7.33"]
[White "Nokes, Roger I"]
[Black "Soto Paez, Oliver"]
[Result "0-1"]
[WhiteElo "2333"]
[BlackElo "2288"]
[PlyCount "75"]
[EventDate "2004.10.15"]
[EventType "team"]
[EventRounds "14"]
[EventCountry "ESP"]
[Source "lmi"]
[SourceDate "2004.10.27"]

1. e4 c5 2. Nf3 e6 3. d4 cxd4 4. Nxd4 a6 5. Nc3 b5 6. Bd3 Qb6 7. Nf3 Bb7 8. O-O
Qc7 9. Bg5 b4 10. Nb1 Nc6 11. Nbd2 Nge7 12. Bh4 Ng6 13. Bg3 e5 14. Nc4 Bc5 15.
Qd2 d6 16. Ne3 Nce7 17. Nh4 O-O 18. Nhf5 Rad8 19. Ng4 Nxf5 20. exf5 Qc6 21. Ne3
Nf4 22. f3 d5 23. Kh1 Nxd3 24. cxd3 f6 25. Ng4 Qd7 26. Rac1 Rc8 27. d4 Bxd4 28.
Qxb4 Bc6 29. Qd2 Qxf5 30. h3 Bb5 31. Rfd1 Rxc1 32. Rxc1 Qd3 33. Qb4 h5 34. Nh2
Be3 35. Ra1 Rc8 36. f4 exf4 37. Be1 Rc2 38. Nf3 0-1

[Event "Olimpiada Calviá 2004"]
[Site "Calviá ESP"]
[Date "2004.10.22"]
[Round "7.33"]
[White "Blanco, Cristobal J"]
[Black "Dive, Russell John"]
[Result "0-1"]
[WhiteElo "2269"]
[BlackElo "2334"]
[PlyCount "168"]
[EventDate "2004.10.15"]
[EventType "team"]
[EventRounds "14"]
[EventCountry "ESP"]
[Source "lmi"]
[SourceDate "2004.10.27"]

1. e4 Nf6 2. Nc3 d5 3. e5 Ne4 4. Nce2 f6 5. d3 Ng5 6. f4 Nf7 7. d4 fxe5 8. fxe5
c5 9. Nf3 Nc6 10. Bf4 e6 11. Qd2 Qb6 12. O-O-O Bd7 13. Ng5 Nxg5 14. Bxg5 cxd4
15. Nxd4 Nxd4 16. Qxd4 Qxd4 17. Rxd4 Bc5 18. Rh4 O-O 19. Bd3 h6 20. Bd2 a6 21.
Rg4 Kh8 22. Bb4 Rac8 23. Bxc5 Rxc5 24. b4 Rc7 25. Rf1 Rxf1+ 26. Bxf1 Bb5 27.
Bxb5 axb5 28. Rf4 Kg8 29. Kb2 Rf7 30. Rg4 Rf5 31. a4 bxa4 32. b5 Rxe5 33. Rxa4
d4 34. Rxd4 Rxb5+ 35. Kc3 Kf7 36. Rd7+ Kf6 37. Kd4 h5 38. Ke3 Re5+ 39. Kf3 b5
40. Rc7 Rd5 41. Ke3 Rg5 42. Kf3 Rd5 43. Ke3 g5 44. h3 Rd1 45. Rc5 b4 46. h4 Rd5
47. Rxd5 exd5 48. Kd4 gxh4 49. Kxd5 Kf5 50. Kc4 Kg4 51. Kxb4 Kg3 52. c4 Kxg2
53. c5 h3 54. c6 h2 55. c7 h1=Q 56. c8=Q Qb1+ 57. Ka3 Qd3+ 58. Kb4 Qe4+ 59. Kc3
h4 60. Kd2 Qf4+ 61. Kd3 h3 62. Ke2 Qe4+ 63. Kd2 h2 64. Qg8+ Kf2 65. Qf8+ Kg3
66. Qg7+ Qg4 67. Qc3+ Qf3 68. Qg7+ Kf2 69. Qd4+ Kf1 70. Qa1+ Kg2 71. Qg7+ Qg3
72. Qb7+ Kg1 73. Qb1+ Kg2 74. Qb7+ Kh3 75. Qh7+ Qh4 76. Qf5+ Qg4 77. Qh7+ Kg2
78. Qb7+ Kg3 79. Ke1 Qe6+ 80. Kd1 Qd6+ 81. Ke2 Qe5+ 82. Kd3 Qf5+ 83. Kd4 Qf4+
84. Kc5 Qc1+ 0-1

[Event "Olimpiada Calviá 2004"]
[Site "Calviá ESP"]
[Date "2004.10.22"]
[Round "7.33"]
[White "Smith, Robert W"]
[Black "Iturrizaga, Eduardo"]
[Result "1-0"]
[WhiteElo "2251"]
[BlackElo "2280"]
[PlyCount "61"]
[EventDate "2004.10.15"]
[EventType "team"]
[EventRounds "14"]
[EventCountry "ESP"]
[Source "lmi"]
[SourceDate "2004.10.27"]

1. d4 Nf6 2. Nf3 c5 3. c4 cxd4 4. Nxd4 Nc6 5. g3 g6 6. Bg2 Bg7 7. Nc3 O-O 8.
O-O Nxd4 9. Qxd4 d6 10. Rb1 Nd7 11. Qd2 a5 12. b3 Nc5 13. Bb2 Bd7 14. Rfe1 Bc6
15. e4 Qb6 16. Nd5 Bxd5 17. Bxg7 Kxg7 18. exd5 e5 19. dxe6 fxe6 20. Qd4+ e5 21.
Qe3 Qb4 22. Rf1 Rf6 23. f4 e4 24. f5 gxf5 25. Qg5+ Rg6 26. Qe7+ Kh8 27. Rxf5
Qc3 28. Rbf1 Rag8 29. Rf7 Qe3+ 30. Kh1 Rh6 31. Rxh7+ 1-0

[Event "Olimpiada Calviá 2004"]
[Site "Calviá ESP"]
[Date "2004.10.22"]
[Round "7.34"]
[White "Olafsson, Helgi"]
[Black "Weeramantry, Sunil"]
[Result "1-0"]
[WhiteElo "2531"]
[BlackElo "2231"]
[PlyCount "55"]
[EventDate "2004.10.15"]
[EventType "team"]
[EventRounds "14"]
[EventCountry "ESP"]
[Source "lmi"]
[SourceDate "2004.10.27"]

1. Nf3 Nf6 2. c4 g6 3. g3 Bg7 4. Bg2 O-O 5. Nc3 d6 6. d4 Nc6 7. O-O a6 8. Re1
Rb8 9. Rb1 Bg4 10. d5 Na5 11. b3 c5 12. h3 Bd7 13. Nd2 b5 14. Qc2 Bh6 15. e3 e5
16. dxe6 fxe6 17. Nce4 Ne8 18. Bb2 Nc6 19. Rbd1 Bg7 20. Bxg7 Kxg7 21. Nf3 bxc4
22. bxc4 Qe7 23. Qd2 Rd8 24. Nxd6 Nd4 25. exd4 Nxd6 26. dxc5 Nxc4 27. Qb4 Bb5
28. Rxd8 1-0

[Event "Olimpiada Calviá 2004"]
[Site "Calviá ESP"]
[Date "2004.10.22"]
[Round "7.34"]
[White "Dissanayake, P R."]
[Black "Thorfinnsson, Bragi"]
[Result "0-1"]
[WhiteElo "2112"]
[BlackElo "2435"]
[PlyCount "52"]
[EventDate "2004.10.15"]
[EventType "team"]
[EventRounds "14"]
[EventCountry "ESP"]
[Source "lmi"]
[SourceDate "2004.10.27"]

1. e4 c5 2. Nf3 d6 3. d4 cxd4 4. Nxd4 Nf6 5. Nc3 a6 6. Bc4 e6 7. Qe2 Be7 8. Be3
b5 9. Bb3 O-O 10. a3 Qa5 11. O-O Bd7 12. Bf4 Nc6 13. Kh1 b4 14. axb4 Qxb4 15.
Rad1 a5 16. Nxc6 Bxc6 17. Rd4 Qb7 18. e5 dxe5 19. Bxe5 Nd7 20. Bf4 Nc5 21. Bc4
Qxb2 22. Bd2 Rad8 23. Rg4 Kh8 24. Rg3 Qb7 25. Qg4 g6 26. Bh6 f5 0-1

[Event "Olimpiada Calviá 2004"]
[Site "Calviá ESP"]
[Date "2004.10.22"]
[Round "7.34"]
[White "Kristjansson, Stefan"]
[Black "Wijesurija, G  Laxman"]
[Result "1-0"]
[WhiteElo "2444"]
[BlackElo "2124"]
[PlyCount "63"]
[EventDate "2004.10.15"]
[EventType "team"]
[EventRounds "14"]
[EventCountry "ESP"]
[Source "lmi"]
[SourceDate "2004.10.27"]

1. e4 c5 2. b3 Nf6 3. e5 Nd5 4. Bb2 d6 5. Nf3 Bg4 6. Bb5+ Nc6 7. h3 Bh5 8. O-O
a6 9. Bxc6+ bxc6 10. Re1 e6 11. Na3 Nb6 12. exd6 Qxd6 13. d3 Qd5 14. g4 Bg6 15.
Nc4 Nxc4 16. bxc4 Qd8 17. Rb1 Qc7 18. Bc3 Qf4 19. Be5 Qh6 20. Kg2 Be7 21. Rb7
Bg5 22. h4 Bd8 23. h5 Bxh5 24. gxh5 Qxh5 25. Rh1 Qg4+ 26. Kf1 O-O 27. Bxg7 Qxg7
28. Rg1 Bf6 29. Rxg7+ Kxg7 30. Qd2 h5 31. Qf4 Rh8 32. Ng5 1-0

[Event "Olimpiada Calviá 2004"]
[Site "Calviá ESP"]
[Date "2004.10.22"]
[Round "7.35"]
[White "Rahman, Ziaur"]
[Black "Volkmann, Friedrich"]
[Result "1/2-1/2"]
[WhiteElo "2535"]
[BlackElo "2454"]
[PlyCount "46"]
[EventDate "2004.10.15"]
[EventType "team"]
[EventRounds "14"]
[EventCountry "ESP"]
[Source "lmi"]
[SourceDate "2004.10.27"]

1. Nf3 d5 2. d4 Nf6 3. c4 c6 4. e3 g6 5. Nc3 Bg7 6. Bd3 O-O 7. O-O Bg4 8. h3
Bxf3 9. Qxf3 e6 10. Bd2 Nbd7 11. cxd5 cxd5 12. Rfc1 Rc8 13. Qd1 e5 14. Ne2 Qb6
15. Bc3 Ne4 16. Qa4 exd4 17. Bxd4 Ndc5 18. Qd1 Bxd4 19. Nxd4 Nxd3 20. Qxd3 Qxb2
21. Rf1 Rc3 22. Qb1 Qxb1 23. Rfxb1 Nd6 1/2-1/2

[Event "Olimpiada Calviá 2004"]
[Site "Calviá ESP"]
[Date "2004.10.22"]
[Round "7.35"]
[White "Lehner, Oliver"]
[Black "Hossain, Enamul"]
[Result "1/2-1/2"]
[WhiteElo "2420"]
[BlackElo "2413"]
[PlyCount "94"]
[EventDate "2004.10.15"]
[EventType "team"]
[EventRounds "14"]
[EventCountry "ESP"]
[Source "lmi"]
[SourceDate "2004.10.27"]

1. Nf3 Nf6 2. c4 g6 3. Nc3 Bg7 4. e4 d6 5. d4 O-O 6. Be2 Na6 7. O-O e5 8. Be3
Ng4 9. Bg5 Qe8 10. h3 h6 11. Bc1 Nf6 12. dxe5 dxe5 13. Be3 Qe7 14. a3 c6 15. b4
Nh5 16. Re1 Nf4 17. Bxf4 exf4 18. e5 Bf5 19. Qc1 g5 20. c5 Qe6 21. Ra2 Rad8 22.
Rd2 Rxd2 23. Qxd2 Nb8 24. Bf1 Qe7 25. Ne4 Bxe4 26. Rxe4 Rd8 27. Qc2 Nd7 28. e6
fxe6 29. Rxe6 Qxe6 30. Bc4 Nxc5 31. Bxe6+ Nxe6 32. Qf5 Nf8 33. Ne5 Bxe5 34.
Qxe5 Kf7 35. h4 Rd5 36. Qb8 Rd7 37. Kh2 a6 38. Kh3 Ng6 39. h5 Nf8 40. Qc8 Ke7
41. f3 Kf7 42. a4 Ke7 43. a5 Kf7 44. Kg4 Ke7 45. Qb8 Kf7 46. Qc8 Ke7 47. Qb8
Kf7 1/2-1/2

[Event "Olimpiada Calviá 2004"]
[Site "Calviá ESP"]
[Date "2004.10.22"]
[Round "7.36"]
[White "Williams, Leighton"]
[Black "Baburin, Alexander"]
[Result "0-1"]
[WhiteElo "2355"]
[BlackElo "2527"]
[PlyCount "78"]
[EventDate "2004.10.15"]
[EventType "team"]
[EventRounds "14"]
[EventCountry "ESP"]
[Source "lmi"]
[SourceDate "2004.10.27"]

1. e4 Nf6 2. e5 Nd5 3. d4 d6 4. c4 Nb6 5. exd6 exd6 6. Nc3 Nc6 7. Be2 Be7 8.
Nf3 O-O 9. O-O Bg4 10. b3 Bf6 11. Be3 d5 12. c5 Nc8 13. h3 Be6 14. b4 a6 15. b5
axb5 16. Nxb5 N6a7 17. Nc3 b6 18. cxb6 Nxb6 19. Ne5 c5 20. dxc5 Bxe5 21. cxb6
d4 22. bxa7 dxe3 23. Qxd8 Rfxd8 24. Rfd1 exf2+ 25. Kxf2 Bd4+ 26. Rxd4 Rxd4 27.
Rb1 Rdd8 28. Rb7 Bc8 29. Re7 Bd7 30. Bc4 Rxa7 31. Rxf7 Kh8 32. Bb3 Raa8 33. g4
Rf8 34. Kg3 Rxf7 35. Bxf7 Bc6 36. g5 Rf8 37. Bh5 Rf5 38. h4 h6 39. Bg6 Rf3+ 0-1

[Event "Olimpiada Calviá 2004"]
[Site "Calviá ESP"]
[Date "2004.10.22"]
[Round "7.36"]
[White "Kelly, Brian"]
[Black "Evans-Quek, Suan-Shiau"]
[Result "1-0"]
[WhiteElo "2494"]
[BlackElo "2293"]
[PlyCount "95"]
[EventDate "2004.10.15"]
[EventType "team"]
[EventRounds "14"]
[EventCountry "ESP"]
[Source "lmi"]
[SourceDate "2004.10.27"]

1. c4 b6 2. Nf3 Bb7 3. g3 e6 4. Bg2 g6 5. O-O Bg7 6. Nc3 Ne7 7. b3 O-O 8. Bb2
d6 9. d4 Nd7 10. Qc2 h6 11. Rfd1 a6 12. Rac1 Qe8 13. b4 f5 14. Qb3 Kh8 15. a4
g5 16. c5 Bxf3 17. Bxf3 d5 18. cxb6 Nxb6 19. Rc2 Rb8 20. e3 f4 21. Be2 fxe3 22.
fxe3 a5 23. b5 Nf5 24. Nb1 Rc8 25. Rdc1 Qd7 26. Nd2 Bf6 27. Bg4 Be7 28. e4 Ng7
29. exd5 Nxd5 30. Nc4 Bb4 31. Re2 Rf6 32. Ne3 Nf5 33. Bxf5 Rxf5 34. Nxf5 exf5
35. Re5 Nb6 36. d5 Kh7 37. Qc2 Kg6 38. Re6+ Kh5 39. Rxb6 Qxd5 40. Rc6 Rd8 41.
Qe2+ g4 42. Qe3 Bf8 43. R1c4 Bd6 44. Bc1 f4 45. gxf4 Rg8 46. f5 Rg5 47. Qe8+
Kh4 48. Bxg5+ 1-0

[Event "Olimpiada Calviá 2004"]
[Site "Calviá ESP"]
[Date "2004.10.22"]
[Round "7.36"]
[White "Jones, Richard S"]
[Black "Quinn, Mark"]
[Result "1/2-1/2"]
[WhiteElo "2297"]
[BlackElo "2409"]
[PlyCount "87"]
[EventDate "2004.10.15"]
[EventType "team"]
[EventRounds "14"]
[EventCountry "ESP"]
[Source "lmi"]
[SourceDate "2004.10.27"]

1. e4 c5 2. Nf3 Nc6 3. d4 cxd4 4. Nxd4 g6 5. c4 Bg7 6. Be3 Nf6 7. Nc3 O-O 8.
Be2 d6 9. O-O Bd7 10. Rc1 Nxd4 11. Bxd4 Bc6 12. b4 e5 13. Be3 Nxe4 14. Nxe4
Bxe4 15. Bf3 Bxf3 16. Qxf3 Qd7 17. Rfd1 Rfd8 18. Bg5 Re8 19. Qd5 Bf8 20. c5 Qf5
21. Be3 dxc5 22. bxc5 Rab8 23. c6 bxc6 24. Rxc6 Rb1 25. Rxb1 Qxb1+ 26. Rc1 Qb8
27. Qa5 Re7 28. h3 Rd7 29. Qa6 e4 30. Qc6 Qe8 31. Bxa7 Rd1+ 32. Kh2 Qe5+ 33. g3
Rxc1 34. Qxc1 Qa5 35. Bd4 Qxa2 36. Qc6 Qe6 37. Qxe6 fxe6 38. Kg2 Bg7 39. Bc5
Kf7 40. f3 exf3+ 41. Kxf3 Be5 42. Bf2 g5 43. Ke4 Bc7 44. g4 1/2-1/2

[Event "Olimpiada Calviá 2004"]
[Site "Calviá ESP"]
[Date "2004.10.22"]
[Round "7.36"]
[White "Collins, Sam E"]
[Black "Rayner, Francis"]
[Result "1-0"]
[WhiteElo "2387"]
[BlackElo "2212"]
[PlyCount "123"]
[EventDate "2004.10.15"]
[EventType "team"]
[EventRounds "14"]
[EventCountry "ESP"]
[Source "lmi"]
[SourceDate "2004.10.27"]

1. Nf3 c5 2. c4 Nf6 3. Nc3 d5 4. cxd5 Nxd5 5. e4 Nb4 6. Bc4 Be6 7. Bxe6 Nd3+ 8.
Kf1 fxe6 9. Ng5 Qb6 10. Qf3 c4 11. b3 Qa6 12. bxc4 Qxc4 13. Qe2 Nc6 14. Nxe6
Nd4 15. Nxd4 Qxd4 16. Qh5+ g6 17. Qb5+ Kf7 18. Qd5+ Qxd5 19. Nxd5 e6 20. Ne3
Bb4 21. a3 Be7 22. Ke2 Rhd8 23. a4 Nf4+ 24. Kf3 Nd3 25. Ba3 Rd4 26. Rhb1 b6 27.
a5 Ne5+ 28. Kg3 Bxa3 29. Rxa3 bxa5 30. Rxa5 Nc6 31. Rb7+ Ne7 32. f3 Rxd2 33.
Raxa7 Rxa7 34. Rxa7 Rd4 35. Ng4 h5 36. Ne5+ Kf6 37. Nd7+ Kf7 38. h4 Rd2 39.
Ne5+ Kf6 40. Nd7+ Kf7 41. Rc7 Re2 42. Ne5+ Kf6 43. Nd3 Rd2 44. Nf4 e5 45. Nh3
Rd6 46. Ng5 Rc6 47. Rb7 Rc5 48. Kh3 Rc3 49. Rd7 Rc6 50. g3 Rc1 51. Kg2 Rc2+ 52.
Kf1 Rc1+ 53. Ke2 Rc2+ 54. Kd1 Rg2 55. f4 Rxg3 56. fxe5+ Kxe5 57. Rxe7+ Kd4 58.
e5 Kd3 59. Rd7+ Ke3 60. e6 Kf4 61. e7 Re3 62. Rd4+ 1-0

[Event "Olimpiada Calviá 2004"]
[Site "Calviá ESP"]
[Date "2004.10.22"]
[Round "7.37"]
[White "Khamdamov, Suhrob"]
[Black "Michelakis, George"]
[Result "1-0"]
[WhiteElo "2150"]
[BlackElo "2438"]
[PlyCount "108"]
[EventDate "2004.10.15"]
[EventType "team"]
[EventRounds "14"]
[EventCountry "ESP"]
[Source "lmi"]
[SourceDate "2004.10.27"]

1. d4 Nf6 2. c4 g6 3. g3 c5 4. d5 b5 5. cxb5 a6 6. Nc3 axb5 7. Nxb5 Qa5+ 8. Nc3
Bg7 9. Bg2 d6 10. Bd2 O-O 11. Nf3 Nbd7 12. O-O Nb6 13. b3 Qa6 14. e4 e6 15.
dxe6 Bxe6 16. Re1 Rad8 17. Qe2 Qc8 18. Qb5 Qc7 19. Rac1 h6 20. h3 Rfe8 21. Bf4
g5 22. Be3 Bd7 23. Qd3 Bc6 24. e5 dxe5 25. Qc2 Qb7 26. Qe2 Rd4 27. Nb5 Bf8 28.
Bxd4 exd4 29. Qd3 Be4 30. Rxe4 Qxe4 31. Ne1 Qe2 32. a4 Nbd5 33. Qxe2 Rxe2 34.
Nd3 Rd2 35. Nxc5 d3 36. a5 Bxc5 37. Rxc5 Rc2 38. Rxd5 Nxd5 39. Bxd5 d2 40. Bf3
Rc1+ 41. Kg2 d1=Q 42. Bxd1 Rxd1 43. a6 Ra1 44. Nc7 Kf8 45. b4 Ke7 46. b5 Kd6
47. b6 Kc6 48. a7 Kb7 49. Kf3 f5 50. Ke3 Ra3+ 51. Kd4 h5 52. a8=Q+ Rxa8 53.
Nxa8 Kxa8 54. h4 gxh4 1-0